The metaphysical elements of justice

Gardado en:
Detalles Bibliográficos
Formato: Libro
Idioma:inglés
Publicado: Indianápolis The Bobbs-Merrill 1965
Series:The Library of Liberal Arts
Subjects:
Tags: Engadir etiqueta
Sen Etiquetas, Sexa o primeiro en etiquetar este rexistro!

MARC

LEADER 00000nam a2200000 a 4500
001 UCZ4745
003 CL-VaPUC
005 20220319074506.0
008 951110e19650000US |||||||||||||||||eng|d
999 |c 241112  |d 241110 
040 |c Pontificia Universidad Católica de Valparaíso 
082 0 4 |a 110  |b KAN  |2 21 
245 1 4 |a The metaphysical elements of justice 
260 |a Indianápolis  |b The Bobbs-Merrill  |c 1965 
300 |a 150 p 
490 0 |a The Library of Liberal Arts 
500 |a Parte 1 : The metaphysics of morals 
583 |a last modification  |c 19951110 00:00:00  |k Rodrigo Vera 
650 0 |a Metafísica  |9 265649 
650 0 |a Ética  |9 255099 
650 0 |a Conceptos morales   |9 310606 
650 0 |a Naturaleza humana   |9 308593 
650 0 |a Filosofía del espíritu  |9 320175 
852 |a BIBCUR 
942 |c BK  |2 ddc 
945 |d 19951110 00:00:00  |a lriquelm 
952 |0 0  |1 0  |4 0  |6 110_000000000000000_KAN_1965  |7 0  |8 P  |9 253275  |a BIBEDU  |b BIBEDU  |c BIBEDU_PB  |d 2019-11-19  |i 1599003  |o 110 KAN 1965  |p 1599003  |r 2024-01-25  |w 2019-11-19  |y BK  |k FIL